| 000 | 00599nam a22001937a 4500 | ||
|---|---|---|---|
| 003 | OSt | ||
| 005 | 20130514171930.0 | ||
| 008 | 130514s1995 sp ||||| |||| 00| 0 spa d | ||
| 020 | _a8431313366 | ||
| 040 | _cCDMR | ||
| 245 | 0 | 0 |
_a70 columnistas de la prensa española _cestudio introductorio de Fernando López Pan |
| 260 |
_aPamplona _bEdiciones Universidad de Navarra _c1995 |
||
| 300 | _a116 p. | ||
| 490 | 0 |
_aCiencias de la información _aManuales |
|
| 650 | 0 | 4 |
_92273 _aPeriodistes _xRecull d'escrits |
| 650 | 0 | 4 |
_92742 _aPremsa _zEspanya |
| 700 | 1 |
_93417 _aLópez Pan, Fernando |
|
| 942 |
_2udc _cMON |
||
| 999 |
_c6233 _d6233 |
||